| 000 | 00486nam a2200145 a 4500 | ||
|---|---|---|---|
| 008 | 080109s1968 ||||||||||||||||| || u | ||
| 050 | _aTS 155 May | ||
| 245 | 1 | 0 | _aProduction management |
| 246 | _aRaymond R. Mayer | ||
| 250 | _a2nd ed. | ||
| 260 |
_aNew York _bMcGraw-Hill _c1968 |
||
| 300 | _axii, 692p. : ill. | ||
| 350 | _a0.00 | ||
| 995 |
_D0.00 _FCBU-MAIN LIBRARY (Kitwe) _H1 _I0.00 _UAVAILABLE _ZAnnex Low-Usage Collection |
||
| 999 |
_c54896 _d54896 |
||